Language Quiz

Random Language or Latin Quiz

Latin Idioms Quiz Stats

 Plays Quiz not verified by Sporcle

Challenge
Share
Tweet
Embed
Score 0/56 Timer 10:00
0 Plays Today
% Correct
to marry
75%
to remember
66.7%
at first light
66.7%
in short time
66.7%
to deliver a speech
58.3%
miles
58.3%
not only...but also
58.3%
it is necessary
50%
to lead a life
50%
to make war
50%
a mile
50%
no longer
50%
for this reason
50%
the state
50%
to die
41.7%
to pitch camp
41.7%
to pay the penalty
41.7%
to plead a case
41.7%
to speak
41.7%
to show gratitude
41.7%
to walk
41.7%
to break camp
41.7%
to build a road
41.7%
some
41.7%
achievements
41.7%
as soon as
41.7%
to intend
33.3%
to march
33.3%
% Correct
to form a plan
33.3%
to put to flight
33.3%
to put to flight
33.3%
to exchange
33.3%
to construct a wall
33.3%
to be informed
33.3%
to engage in battle
33.3%
to use force
33.3%
to be annoyed at
33.3%
to feel grateful
33.3%
to be very powerful
33.3%
not even
33.3%
to thank
25%
to launch a ship
25%
to set sail
25%
to retreat
25%
to give the right of way
25%
to prolong the war
25%
to obey commands
25%
to retreat
25%
to go back
25%
to turn and flee
25%
to flee
16.7%
to proceed
16.7%
to inform
8.3%
to give an opportunity
8.3%
to advance
8.3%
to begin
0%

You're not logged in!

Compare scores with friends on all Sporcle quizzes.
OR
Log In

You Might Also Like...

Show Comments

Extras

Top Quizzes Today


Score Distribution

Your Account Isn't Verified!

In order to create a playlist on Sporcle, you need to verify the email address you used during registration. Go to your Sporcle Settings to finish the process.

Report this User

Report this user for behavior that violates our Community Guidelines.

Details: